01067nam a22002057a 4500008004500000082001500045100002300060245006300083250001100146260008700157300002000244500018300264500021500447653003000662653002500692653003100717653002800748653004500776653004000821160723s2006 xxu||||| |||| 00| 0 spa d04a708bB796i1 aBracci, Francesco.10aIntervención en el Parque La Sabana /cFrancesco Bracci. a1a ed. aSan José, Costa Rica :bF. Bracci ; Festival Internacional de las Artes, c2006. a32 p.bil. col. aEsta obra fue seleccionada para participar dentro de la Segunda Muestra Centroamericana de Arte Emergente 2006, realizada por el Museo de Arte y Diseño Contemporáneo (MADC).  aEl proyecto fue realizado en el Parque La Sabana, durante el Festival Internacional de las Artes (FIA) 2006, en San José, Costa Rica. La intervención obtiene una Mención Honorífica dentro de la muestra.10aExhibiciones - Aire libre10aArte contemporáneo10aIntervención artística10aArtistas costarricenses10aMuseo de Arte y Diseño Contemporáneo10aFestival Internacional de las Artes